| 000 | 00724 a2200205 4500 | ||
|---|---|---|---|
| 003 | Nust | ||
| 005 | 20221011123038.0 | ||
| 010 | _a 73085302 | ||
| 020 | _a0824717767 | ||
| 040 | _cNust | ||
| 082 | 0 | 0 | _a540,SOL |
| 100 | 1 |
_aWeller, Paul F. _999855 |
|
| 245 | 1 | 0 |
_aSolid state chemistry and physics; _ban introduction Vol.2 / _cedited by Paul F. Weller. |
| 260 |
_aNew York, _bM. Dekker, _c1973-74. |
||
| 300 |
_a2 v. (xi, 934 p.) _billus. _c24 cm. |
||
| 505 | _aPart-2: Physical Properties and Imperfections (Page-501), Part-3: Purification and Crystal Growth (Page-721), Part 4: Some Important Examples (Page-797) | ||
| 650 | 0 |
_aSolid state chemistry. _9671 |
|
| 650 | 0 |
_aSolid state physics. _934429 |
|
| 942 |
_2ddc _cBK |
||
| 999 |
_c183993 _d183993 |
||